000 00583nam a2200205Ii 4500
003 JO-AjNU
008 230606s9999||||xx |||||||||||||| ||und||
020 _a81-88458-92-9
040 _aJO-AjNU
_beng
_erda
_cJO-AjNU
041 _aeng
050 1 4 _aQA402.J42.2007
100 3 _ajha.s.k,
_eauthor
_9293
245 0 0 _aSYSTEM Analysis and Design
264 3 1 _aNew Delhi:s.k.kataria,2007
300 _a272p
336 _atext
_btxt
_2rdacontent
337 _aunmediated
_bn
_2rdamedia
338 _avolume
_bnc
_2rdacarrier
650 4 _a Stochastic processes. -Estimation theory
_9294
999 _aE154
_c154
_d154